00517nam a2200193 a 4500001001300000003000900013005001700022008004100039020002500080082001500105100002200120245004900142260004400191300000900235500003500244505001000279650001200289700002200301nice12345678IN_TiNIC20260116012301.0050524s1990 losa grp 000 0 eng  a0874774 c367.500a154.2bLAS aLaski, Marghanita aEcstasy in Secular and Religious Experiences aLos AngelesbJeremy P Tarcher Incc1990 a544p aincludes index and biblioraphy2 aIndex aEcstasy1 aLaski, Marghanita